000
00235 a2200097 4500
001
35928
100
_a
Cordingley B V
245
_a
Advanced Basic Scientific Sub Routines
260
_a
Houndmills
_b
Macmillan
_c
090
_c
23478
_d
23478
942
_a
NUST-CAE
_c
M
_c
14978
999
_c
271001
_d
271001